J'aime les bêtes

Guardado en:
Bibliografiske detaljer
Hovedforfatter: Toesca, Maurice
Format: Bog
Sprog:Undetermined
Udgivet: París, Francia Albin Michel 1961
Fag:
Tags: Tilføj Tag
Ingen Tags, Vær først til at tagge denne postø!

MARC

LEADER 00000nam a2200000Ia 4500
008 170316s9999 xx 000 0 und d
040 |a cru BVZT 
090 |a 840 T-3j 
100 |a Toesca, Maurice 
245 |a J'aime les bêtes 
260 |a París, Francia 
260 |b Albin Michel 
260 |c 1961 
300 |a 215 páginas 
650 |a LITERATURA FRANCESA 
999 |c 8029  |d 8029 
942 |c 15 D  |h 840 T-3j  |2 z